Les personnages d'Ant-Man et la Guêpe : Quantumania - #31 - Statistiques

Statistiques générales
  • Ce quiz a été pris 3 fois
  • Le résultat moyen est 10 sur 20
Statistiques - réponses
Réponse % Correct
Hope van Dyne / la Guêpe
100%
Kang le Conquérant
100%
Scott Lang / Ant-Man
100%
Cassie Lang
67%
Hank Pym
67%
Janet van Dyne
67%
Dale
33%
Immortus
33%
Jentorra
33%
Jimmy Woo
33%
Loki
33%
Lord Krylar
33%
Mobius
33%
MODOK
33%
Quaz
33%
Rama-Tut
33%
Scarlet Centurion
33%
Veb
33%
Victor Timely
33%
Xolum
33%
Aucun quiz correspondant
Distribution des résultats
% des personnes avec chaque résultat
Percentile par nombre de réponses
Votre historique - résultats
Vous n’avez pas pris ce quiz